=LDR 00000nam 2200000 4500 =001 INLIS000000000041957 =005 20130612151447 =008 ***********************************Ind** =035 ##$$0010-061300000041957 =041 ##$$a Ind =082 ##$$a 930.1 =090 ##$$a 930, Ark a =245 ##$$a Arkeologi dan Publik, Editor, Dr.Sumijati Atmosudiro =260 ##$$a 2011 $b Yogyakarta =300 ##$$a 202 hlm., ilus, 25 cm =650 ##$$a Arkeologi =700 ##$$a Sumijati Atmosudiro =850 ##$$a NBPNMAT